| 000 | 00385nam a2200157Ia 4500 | ||
|---|---|---|---|
| 008 | 230711s9999||||xx |||||||||||||| ||und|| | ||
| 041 | _aENG | ||
| 082 |
_a621 _bBH-E |
||
| 100 | _aBhattacharya.S.K | ||
| 245 | 0 | _aElectrical machines | |
| 250 | _a3rd | ||
| 260 |
_c2009 _aNew Delhi _bTata McGraw Hill Education Limited |
||
| 300 | _a545 | ||
| 650 | _aElectrical Engineering | ||
| 942 | _cBK | ||
| 999 |
_c669 _d669 |
||